Szegedi Szabadtéri Játékok 1966 "Otello"
Elmentve itt :
| Dokumentumtípus: | Cikk |
|---|---|
| Megjelent: |
1966
|
| Sorozat: | Tiszatáj
20 No. 10 |
| Kulcsszavak: | Színházi élet - Szeged - 1966 |
| Online Access: | http://tiszataj.bibl.u-szeged.hu/4377 |
| LEADER | 00545nab a2200169 i 4500 | ||
|---|---|---|---|
| 001 | tisza4377 | ||
| 005 | 20200330123809.0 | ||
| 008 | 170404s1966 hu o 0|| hun d | ||
| 022 | |a 0133-1167 | ||
| 040 | |a SZTE Tiszatáj Archívum |b hun | ||
| 041 | |a hun | ||
| 245 | 0 | 0 | |a Szegedi Szabadtéri Játékok 1966 |h [elektronikus dokumentum] : |b "Otello" |
| 260 | |c 1966 | ||
| 300 | |a 884 | ||
| 490 | 0 | |a Tiszatáj |v 20 No. 10 | |
| 695 | |a Színházi élet - Szeged - 1966 | ||
| 856 | 4 | 0 | |u http://tiszataj.bibl.u-szeged.hu/4377/1/tiszataj_1966_010_884b.pdf |z Dokumentum-elérés |